| Tag |
First Indicator |
Second Indicator |
Subfields |
| LEADER |
00000cam a2200000 i 4500 |
| 001 |
in00005777635 |
| 003 |
OCoLC |
| 005 |
20260330134002.2 |
| 008 |
260312s2025 dcuab b 000 0 eng d |
| 024 |
8 |
|
|a 40033108674
|
| 040 |
|
|
|a IQU
|b eng
|e rda
|c IQU
|d IQU
|d OCLCO
|d YDX
|
| 020 |
|
|
|a 9781464822537
|q paperback
|
| 020 |
|
|
|a 1464822530
|q paperback
|
| 035 |
|
|
|a (OCoLC)1579017480
|
| 043 |
|
|
|a cl-----
|a cc-----
|
| 050 |
|
4 |
|a HJ2460.5
|b .V85 2025
|
| 082 |
0 |
4 |
|a 336.20098
|2 23/eng/20260330
|
| 100 |
1 |
|
|a Vuletin, Guillermo Javier,
|e author.
|1 https://id.oclc.org/worldcat/entity/E39PCjyfYbkCxBHdgwDX8c79rC
|
| 245 |
1 |
0 |
|a Rethinking taxation for growth in Latin America and the Caribbean :
|b objectives, behavioral responses, and technological advances /
|c Guillermo Vuletin.
|
| 264 |
|
1 |
|a Washington, D.C. :
|b International Bank for Reconstruction and Development / World Bank Group,
|c [2025]
|
| 300 |
|
|
|a xxvi, 163 pages :
|b color illustrations, maps ;
|c 26 cm
|
| 334 |
|
|
|a single unit
|2 rdami
|
| 336 |
|
|
|a text
|b txt
|2 rdacontent
|
| 337 |
|
|
|a unmediated
|b n
|2 rdamedia
|
| 338 |
|
|
|a volume
|b nc
|2 rdacarrier
|
| 504 |
|
|
|a Includes bibliographical references.
|
| 650 |
|
0 |
|a Taxation
|z Latin America.
|
| 650 |
|
0 |
|a Taxation
|z Caribbean Area.
|
| 650 |
|
6 |
|a Impôt
|0 (CaQQLa)201-0005915
|z Amérique latine.
|0 (CaQQLa)201-0420739
|
| 650 |
|
6 |
|a Impôt
|0 (CaQQLa)201-0005915
|z Caraïbes (Région)
|0 (CaQQLa)201-0405984
|
| 710 |
2 |
|
|a World Bank Group,
|e issuing body.
|
| 945 |
|
|
|b 691674
|
| 947 |
|
|
|a A14852274258
|
| 980 |
|
|
|b print
|c 40033108674
|f NONFIC/B
|g 565715
|k USD
|m 35.16
|q 1
|s AcqMono Conventional
|t Approval plan
|u Vendor order reference number
|v ZYBP
|y Print approval
|z Physical resource
|
| 999 |
f |
f |
|i 5d8bed25-2972-4d75-b980-231ba98f95ca
|s 4c64c2c0-5e99-4e37-97cb-e2260e8dd0e4
|t 0
|
| 952 |
f |
f |
|p newbook
|a Texas A&M University
|b College Station
|c Business Library & Collaboration Commons
|s blcc nbs
|d West Campus Library: New Book Shelves
|t 0
|e HJ2460.5 .V85 2025
|h Library of Congress classification
|i unmediated -- volume
|m A14852274258
|
| 998 |
f |
f |
|a HJ2460.5 .V85 2025
|t 0
|l West Campus Library: Stacks
|